| 000 | 00771cam a22002652 4500 | ||
|---|---|---|---|
| 001 | 10964 | ||
| 003 | BD-RjUL | ||
| 005 | 20211208235039.0 | ||
| 008 | 140125s1959 vp a 001 0 eng | ||
| 035 | _a(BD-RjUL)11013 | ||
| 040 |
_aDLC _cTJC _dBD-RjUL _beng |
||
| 041 | _aeng | ||
| 082 | 0 | 4 |
_a542.6 _218 _bALL 1959 |
| 100 | 1 |
_aAlders, L. _933885 |
|
| 245 | 1 | 0 |
_aLiquid-liquid extraction : _btheory and laboratory practice / _cL. Alders. |
| 250 | _a2d rev. ed. | ||
| 260 |
_aAmsterdam ; _aNew York : _bElsevier Pub. Co., _c1959. |
||
| 300 |
_a209 p. : _billus. ; _c24 cm. |
||
| 504 | _aIncludes bibliography and index. | ||
| 650 | 0 |
_aExtraction (Chemistry). _929686 |
|
| 650 | 0 |
_aLiquids. _933886 |
|
| 942 |
_2ddc _cBK |
||
| 999 |
_c10964 _d10964 |
||